Daňové priznania k dani z príjmov za rok 2012

Enregistré dans:
Détails bibliographiques
Auteurs principaux: Pastierik, Vladimír (Auteur), Drozd, Marián (Auteur), Sekerková, Ľubica (Auteur)
Format: Livre
Langue:slovaque
Publié: Žilina : Poradca podnikateľa, spol.s.r.o., 2013
Tags: Ajouter un tag
Pas de tags, Soyez le premier à ajouter un tag!

MARC

LEADER 00000nam a22000003a 4500
001 stu262888
005 20150617230222.9
008 130221s--------xo------------------slo-d
020 |a 978-80-89363-68-1 
040 |a STU  |b slo 
041 0 |a slo 
044 |a xo 
100 1 |a Pastierik, Vladimír  |4 aut 
245 1 |a Daňové priznania k dani z príjmov za rok 2012 
260 |a Žilina :  |b Poradca podnikateľa, spol.s.r.o.,  |c 2013 
300 |a 192 s 
700 1 |a Drozd, Marián  |4 aut 
700 1 |a Sekerková, Ľubica  |4 aut 
996 |l II680  |s A  |a 24  |w stu262888_0001